000 00429cam a2200181 4500
001 D13517
008 090401t1959 xxu||||| |||| 00| 0 eng d
035 _a(Sirsi) u10112
041 _aeng
100 _aNicholls, A.D.
245 _aPractical guide to industrial derating
260 _bRating and Valuation Assoc
_c1959
350 _a0
520 _aShelf 132
700 _aLake, R.E.
942 _n0
948 _c04/03/1997
999 _c86703
_d86703